Science and Human Values /
Guardado en:
| Autor principal: | |
|---|---|
| Formato: | Libro |
| Idioma: | Inglés |
| Publicado: |
Nueva York, EUA :
Harper and Row,
1965, c1965
|
| Edición: | Ed. rev. |
| Colección: | (Harper Torchbooks ;
505) |
| Temas: | |
| Etiquetas: |
Sin etiquetas, Sé el primero en etiquetar este registro!
|
MARC
| LEADER | 00000nam^a2200000^a^4500 | ||
|---|---|---|---|
| 001 | 000332551 | ||
| 005 | 20250521000000.0 | ||
| 009 | 20260310114106.853 | ||
| 037 | |a Acervo Xavier Clavigero | ||
| 041 | |a ING | ||
| 082 | |a 121. |b BRO | ||
| 100 | |a Bronowski, Jacob |e (autor) | ||
| 245 | 1 | 0 | |a Science and Human Values / |c J. Bronowski. |
| 250 | |a Ed. rev. | ||
| 264 | 4 | |a Nueva York, EUA : |b Harper and Row, |c 1965, c1965 | |
| 300 | |a XIV, 119 p. | ||
| 336 | |a texto |b txt |2 rdacontenido | ||
| 337 | |a sin mediación |b n |2 rdamedio | ||
| 338 | |a volumen |b nc |2 rdasoporte | ||
| 440 | 1 | |a (Harper Torchbooks ; |v 505) | |
| 649 | |a XX | ||
| 650 | |a Creatividad | ||
| 650 | |a Verdad | ||
| 650 | |a Epistemología | ||
| 650 | |a Dignidad | ||
| 650 | |a Etica | ||
| 650 | |a Epistemología - |x Tema Principal | ||
| 910 | |a Fondo General | ||
| 920 | |a Impresos - Libros | ||
| 930 | |a Colección General | ||
| 905 | |a 101 | ||
| 901 | |a 0500222421 |b IT1 |c ACC |u 20250521 | ||
| 902 | |a https://opac.biblio.iteso.mx/vufind/Record/000332551 | ||